|
|
|
|
| LEADER |
00931nam a2200253 i 4500 |
| 001 |
c000238512 |
| 003 |
CARM |
| 005 |
00000000000000.0 |
| 008 |
840302s1975 enk 0 eng d |
| 019 |
1 |
|
|a 272367
|z 46939354
|5 LACONCORD2021
|
| 020 |
|
|
|a 0006333729
|
| 035 |
|
|
|a (OCoLC)2131634
|5 LACONCORD2021
|
| 082 |
0 |
4 |
|a 362/.941
|
| 245 |
0 |
0 |
|a Social welfare in modern Britain /
|c edited by Eric Butterworth and Robert Holman.
|
| 260 |
|
|
|a [London] :
|b Fontana,
|c 1975.
|
| 300 |
|
|
|a 443 p. ;
|c 18 cm.
|
| 504 |
|
|
|a Bibliography: p. [427]-435.
|
| 650 |
|
0 |
|a Public welfare
|z Great Britain.
|
| 650 |
|
0 |
|a Social service
|z Great Britain.
|
| 700 |
1 |
|
|a Butterworth, Eric.
|
| 700 |
1 |
|
|a Holman, Robert.
|
| 852 |
8 |
|
|b CARM
|h A2:AQ27A0
|i A04138
|p 0360459
|f BK
|
| 999 |
f |
f |
|i f1b18f4d-e004-5adc-a208-7a9247479091
|s 7bf8901a-b904-5cc9-8b2a-d74ed41df6a4
|
| 952 |
f |
f |
|p Can circulate
|a CAVAL
|b CAVAL
|c CAVAL
|d CARM 1 Store
|e A04138
|f A2:AQ27A0
|h Other scheme
|i book
|m 0360459
|